Days of '49 /

Bibliographic Details
Main Author: Young, Gordon, 1886-1948
Format: Book
Language:English
Published: New York : George H. Doran company, [1925]
Subjects:

MARC

Tag First Indicator Second Indicator Subfields
LEADER 00000cam a2200000 4500
001 in00000031437
005 20151007061659.0
008 750811s1925 nyu 00011 eng u
010 |a  26026141  
035 |a (OCoLC)01534911 
035 |9 AAD2754AM 
040 |c DZM  |d TXA  |d UtOrBLW 
049 |a TXAM  |c [520720] 
050 0 0 |a PZ3.Y86  |b Da 
090 |a PS3547.O475  |b D29 1925 
092 |a 813  |b Y72d 
100 1 |a Young, Gordon,  |d 1886-1948. 
245 1 0 |a Days of '49 /  |c by Gordon Young. 
264 1 |a New York :  |b George H. Doran company,  |c [1925] 
264 4 |c ©1925 
300 |a 425 pages ;  |c 20 cm. 
336 |a text  |b txt  |2 rdacontent 
337 |a unmediated  |b n  |2 rdamedia 
338 |a volume  |b nc  |2 rdacarrier 
651 0 |a California  |x Gold discoveries  |v Fiction. 
999 |a MARS 
999 f f |s 50f40c5b-9ece-356f-9f1c-fe5873983802  |i 469af2ba-5fda-31bc-b0aa-49ebbf916349  |t 0 
952 f f |p ric  |a Texas A&M University  |b Rellis Campus  |c Joint Library Facility  |d Remote Storage  |t 0  |e PS3547.O475 D29 1925  |h Library of Congress classification  |i unmediated -- volume  |m A14801256075 
998 f f |a PS3547.O475 D29 1925  |t 0  |l Remote Storage